| 000 | 00765nam a2200229 a 4500 | ||
|---|---|---|---|
| 005 | 20240823063717.0 | ||
| 008 | 080923s1972 es r 000 0 spa d | ||
| 035 | _aUPN01000160240 | ||
| 049 | _aCG | ||
| 050 | 4 |
_aLB1051 _bM5.28 |
|
| 100 | 1 |
_aMichaud, Ginette, _d1932- _937797 |
|
| 245 | 1 | 0 |
_aAnálisis institucional y pedagogía / _cGinetten N. Michaud ; tr. Julia Sicart. |
| 260 |
_aBarcelona, Esp. : _bLaia, _c1972. |
||
| 300 | _a195 p. | ||
| 440 | 0 |
_aEdiciones de bolsillo ; _v229 |
|
| 534 |
_pTítulo original: _tAnalyse institutionnelle et pedagogie |
||
| 650 | 4 |
_aEducación _xMétodos experimentales _95868 |
|
| 650 | 4 |
_aNIÑOS - _xASISTENCIA INSTITUCIONAL |
|
| 650 | 4 |
_aPsicopedagogía _95085 |
|
| 650 | 4 |
_aPsiquiatría infantil _99358 |
|
| 905 | _aLibro | ||
| 999 |
_c132354 _d132354 |
||